[Event "SRB Central-ch op-A 6th"]
[Site "Paracin"]
[Date "2013.07.10"]
[Round "7"]
[White "Todorovic, Radisa J"]
[Black "Scekic, Veljko"]
[Result "0-1"]
[WhiteElo "1960"]
[BlackElo "2181"]
[PlyCount "106"]
[EventDate "2013.07.05"]
[EventType "swiss"]
[EventRounds "9"]
[EventCountry "SRB"]
[SourceTitle "CBM 155 Extra"]
[Source "ChessBase"]
[SourceDate "2013.08.26"]
[SourceVersion "1"]
[SourceVersionDate "2013.08.26"]
[SourceQuality "1"]

1. d4 Nf6 2. Nf3 g6 3. e3 Bg7 4. b3 0-0 5. Bb2 d5 6. Be2 c6 7. 0-0 a5 8. c4 Nbd7 9. Nbd2 Re8 10. Rc1 e6 11. Qc2 h6 12. Ne5 Nxe5 13. dxe5 Nd7 14. f4 Nf8 15. Rcd1 f5 16. Nf3 Qe7 17. Qc1 Nh7 18. Ba3 Qf7 19. h4 Bd7 20. Bd6 Kh8 21. Qc2 Rg8 22. Kf2 Bf8 23. Rh1 Be7 24. c5 Bd8 25. Rh3 Be8 26. Rb1 Nf8 27. a3 Nd7 28. Ng5 hxg5 29. hxg5+ Kg7 30. Rbh1 Nf8 31. Qc1 Qd7 32. Qg1 Be7 33. Qh2 Bxd6 34. cxd6 Kf7 35. Rh8 Rg7 36. Qh6 Qd8 37. Bh5 Bd7 38. g4 fxg4 39. Bxg4 d4 40. e4 d3 41. f5 Qb6+ 42. Kg3 Qe3+ 43. Bf3 exf5 44. exf5 Qxe5+ 45. Kf2 Bxf5 46. Re1 Qxd6 47. Qh4 Qc5+ 48. Kg2 d2 49. Rd1 Rd8 50. Qf4 Ne6 51. Qh4 Rxh8 52. Qxh8 Qe3 53. Qa8 Qxg5+ 0-1

[Event "Nis Svetosavski op 3rd"]
[Site "Nis"]
[Date "2013.03.04"]
[Round "5"]
[White "Todorovic, Radisa J"]
[Black "Zivkovic, Nemanja"]
[Result "0-1"]
[WhiteElo "1983"]
[BlackElo "2237"]
[PlyCount "72"]
[EventDate "2013.03.02"]
[EventType "swiss"]
[EventRounds "5"]
[EventCountry "SRB"]
[SourceTitle "CBM 153 Extra"]
[Source "ChessBase"]
[SourceDate "2013.04.22"]
[SourceVersion "1"]
[SourceVersionDate "2013.04.22"]
[SourceQuality "1"]

1. d4 d5 2. Nf3 Nf6 3. e3 c5 4. Be2 Bg4 5. 0-0 e6 6. b3 Nc6 7. Bb2 Bd6 8. Ne5 Bxe2 9. Qxe2 0-0 10. Nd2 Rc8 11. Ndf3 Qe7 12. Rfd1 Ne4 13. c4 cxd4 14. exd4 a6 15. Nxc6 Rxc6 16. c5 Bb8 17. b4 Rcc8 18. a4 g5 19. Nd2 f5 20. Ra3 Rf6 21. Bc1 Qg7 22. Nf3 g4 23. Ne5 Bxe5 24. dxe5 Rf7 25. a5 h6 26. Bf4 Ng5 27. Kh1 Rd7 28. Qe3 Kh7 29. Rc3 Ne4 30. Rc2 Ng5 31. Qe2 Rc6 32. Rc3 Qg6 33. Rd4 Kh8 34. Qe3 Rh7 35. Rc2 Rg7 36. Bg3 f4 0-1